000
00335nam a2200145Ia 4500
008
230718s9999 xx 000 0 und d
041
_a
Eng.
082
_a
346.255
_b
M.M-T
100
_a
m.mahmood
245
4
_a
the contract act 1872
260
_a
Pakistan
_b
Al qanoon publisher
_c
2021
300
_a
626
650
_a
Law
999
_c
33011
_d
33011